| 000 | 00331nam a2200109Ia 4500 | ||
|---|---|---|---|
| 008 | 220204s9999 xx 000 0 und d | ||
| 082 |
_a93/99(47+57) _bSOL |
||
| 100 | _aSolzhenitsyn, Alexander | ||
| 245 | 0 | _aGulag archipelago 1918-1956: An experiment in literary investigation | |
| 260 |
_aLondon _bHarper and Row _c1974 |
||
| 942 | _cBK | ||
| 999 |
_c32673 _d32673 |
||